[Event "AUT-ch U18"]
[Site "St Veit"]
[Date "2021.10.28"]
[Round "6.7"]
[White "Valtiner, Adamo"]
[Black "Reinalter, Gabriel"]
[Result "0-1"]
[WhiteElo "2029"]
[BlackElo "1305"]
[PlyCount "78"]
[EventDate "2021.10.25"]
[EventType "swiss"]
[EventRounds "7"]
[EventCountry "AUT"]
[SourceTitle "EXT 2023"]
[Source "ChessBase"]
[SourceDate "2022.10.05"]
[SourceVersion "1"]
[SourceVersionDate "2022.10.05"]
[SourceQuality "1"]

1. Nf3 Nc6 2. d4 d5 3. c4 e6 4. Nc3 Nf6 5. g4 Nxg4 6. e4 dxe4 7. Nxe4 f5 8. Nc3 Nf6 9. Be3 Bb4 10. Qb3 f4 11. Bxf4 Nxd4 12. Nxd4 Qxd4 13. Be3 Bxc3+ 14. bxc3 Qe4 15. Rg1 0-0 16. 0-0-0 Qe5 17. Bd4 Qxh2 18. Bd3 e5 19. Rh1 Qf4+ 20. Be3 Qf3 21. c5+ Kh8 22. Qc2 e4 23. Be2 Qf5 24. Rdg1 Bd7 25. Bd4 Rae8 26. Qd2 Bc6 27. Qe3 Re7 28. Rg5 Qe6 29. Bf1 Qxa2 30. c4 Ba4 31. Qc3 Qb3 32. Qd2 e3 33. fxe3 Ne4 34. Bxg7+ Rxg7 35. Rxg7 Rxf1+ 36. Rxf1 Nxd2 37. Rg8+ Kxg8 38. Rg1+ Kh8 39. Rg8+ Kxg8 0-1

[Event "AUT-ch U18"]
[Site "St Veit"]
[Date "2021.10.25"]
[Round "2.9"]
[White "Reinalter, Gabriel"]
[Black "Schmidt, Florian1111"]
[Result "0-1"]
[WhiteElo "1305"]
[BlackElo "1939"]
[PlyCount "68"]
[EventDate "2021.10.25"]
[EventType "swiss"]
[EventRounds "7"]
[EventCountry "AUT"]
[SourceTitle "EXT 2023"]
[Source "ChessBase"]
[SourceDate "2022.10.05"]
[SourceVersion "1"]
[SourceVersionDate "2022.10.05"]
[SourceQuality "1"]

1. e4 e5 2. Nc3 Nf6 3. f4 d6 4. fxe5 dxe5 5. Nf3 Bg4 6. Bc4 Bc5 7. Bxf7+ Kf8 8. Bb3 Nc6 9. h3 Bxf3 10. Qxf3 Nd4 11. Qg3 Nxb3 12. axb3 h6 13. Qxe5 Bd6 14. Qf5 Bg3+ 15. Ke2 Qe7 16. d3 c6 17. Bf4 g6 18. Qxg6 Bxf4 19. Rhf1 Rg8 20. Qf5 Be5 21. g4 Rg5 22. Qf2 Kg7 23. Rxa7 Rxa7 24. Qxa7 h5 25. gxh5 Nxh5 26. Rg1 Kh6 27. Qe3 Nf4+ 28. Kd1 Rxg1+ 29. Qxg1 Qh4 30. Qg4 Qf2 31. Ne2 Ng2 32. Qe6+ Bf6 33. c3 Qe1+ 34. Kc2 Ne3# 0-1